[Event "Bangkok Big Rook op"]
[Site "Bangkok"]
[Date "2023.05.07"]
[Round "7"]
[White "Vongrungrot, Kritin"]
[Black "Cuizon, Richily Evans"]
[Result "0-1"]
[WhiteElo "1186"]
[BlackElo "1508"]
[PlyCount "62"]
[EventDate "2023.05.04"]
[EventType "swiss"]
[EventRounds "7"]
[EventCountry "THA"]
[SourceTitle "CBM 214 Extra"]
[Source "ChessBase"]
[SourceDate "2023.07.31"]
[SourceVersion "1"]
[SourceVersionDate "2023.07.31"]
[SourceQuality "1"]

1. d4 d5 2. Nf3 Nf6 3. c4 e6 4. Nc3 Be7 5. Bf4 0-0 6. e3 b6 7. Bd3 dxc4 8. Bxc4 Ba6 9. Bxa6 Nxa6 10. 0-0 c5 11. Qa4 Nb4 12. a3 Nbd5 13. Bg3 Nxc3 14. bxc3 Ne4 15. Qb3 Nxg3 16. hxg3 Qc7 17. Rac1 Qb7 18. a4 Rac8 19. Rb1 Rc7 20. a5 Rb8 21. axb6 axb6 22. Rb2 b5 23. Rfb1 b4 24. Ne5 Qe4 25. Qc4 Rbc8 26. dxc5 Qxe5 27. cxb4 Bxc5 28. bxc5 Rxc5 29. Qd3 Rc1+ 30. Rxc1 Rxc1+ 31. Kh2 Qh5# 0-1

[Event "THA-ch 46th"]
[Site "Bangkok"]
[Date "2023.04.14"]
[Round "5"]
[White "Vongrungrot, Kritin"]
[Black "Keeratipong, Ukachoke"]
[Result "0-1"]
[WhiteElo "1198"]
[BlackElo "1542"]
[PlyCount "74"]
[EventDate "2023.04.12"]
[EventType "swiss"]
[EventRounds "9"]
[EventCountry "THA"]
[SourceTitle "CBM 213 Extra"]
[Source "ChessBase"]
[SourceDate "2023.05.31"]
[SourceVersion "1"]
[SourceVersionDate "2023.05.31"]
[SourceQuality "1"]

1. d4 d5 2. c4 c6 3. Nc3 Nf6 4. Nf3 dxc4 5. Bf4 b5 6. a3 Bb7 7. e3 e6 8. Be2 Nbd7 9. 0-0 Be7 10. Re1 Nh5 11. Bg3 Nxg3 12. fxg3 Nf6 13. Qc2 h6 14. Rac1 0-0 15. Nd2 a6 16. a4 Rc8 17. Bf3 Qd7 18. Nce4 Nd5 19. Nc3 Nb4 20. Qe4 Nd3 21. axb5 axb5 22. Nxb5 cxb5 23. Qxb7 Qxb7 24. Bxb7 Rb8 25. Be4 Nxe1 26. Rxe1 Bb4 27. Rd1 Bxd2 28. Rxd2 b4 29. Rc2 Rfc8 30. d5 exd5 31. Bxd5 c3 32. b3 Kf8 33. Bc4 Rxc4 34. Kf2 Rc7 35. Ke2 Rd8 36. h3 Ra7 37. e4 Ra3 0-1

[Event "Bangkok Chinese New Year op"]
[Site "Bangkok"]
[Date "2020.01.26"]
[Round "9"]
[White "Kunanantakul, Kunawach"]
[Black "Vongrungrot, Kritin"]
[Result "1/2-1/2"]
[WhiteElo "1201"]
[BlackElo "1049"]
[PlyCount "96"]
[EventDate "2020.01.25"]
[EventType "swiss (rapid)"]
[EventRounds "9"]
[EventCountry "THA"]
[SourceTitle "CBM 194 Extra"]
[Source "ChessBase"]
[SourceDate "2020.03.31"]
[SourceVersion "1"]
[SourceVersionDate "2020.03.31"]
[SourceQuality "1"]

1. a3 d5 2. e3 e5 3. c4 c6 4. d4 e4 5. Nc3 Nf6 6. cxd5 cxd5 7. Bb5+ Bd7 8. Bxd7+ Nbxd7 9. f3 Nb6 10. Qc2 Rc8 11. Nge2 g6 12. 0-0 Bg7 13. Bd2 0-0 14. Rac1 Re8 15. fxe4 Nxe4 16. Qd1 Nxd2 17. Qxd2 Nc4 18. Qd3 Rxe3 19. Qc2 Re8 20. Rf3 Bh6 21. Nf4 Qb6 22. Ncxd5 Qxd4+ 23. Qf2 Qxf2+ 24. Kxf2 Kg7 25. Rfc3 Re4 26. g3 Rc5 27. R1c2 Rd4 28. b3 Rd2+ 29. Rxd2 Nxd2 30. Rxc5 Ne4+ 31. Ke3 Nxc5 32. b4 Ne6 33. Ke4 Bxf4 34. Nxf4 Nxf4 35. gxf4 Kf6 36. h3 h6 37. h4 h5 38. a4 Ke6 39. a5 a6 40. Kd4 Kd6 41. Ke4 Ke6 42. Kd4 Kd6 43. Ke4 Ke6 44. Kd4 Kd6 45. Ke4 f6 46. Kd4 f5 47. Kc4 Kc6 48. Kd4 Kd6 1/2-1/2

[Event "Bangkok Chinese New Year op"]
[Site "Bangkok"]
[Date "2020.01.25"]
[Round "2"]
[White "Vongrungrot, Kritin"]
[Black "Calacday, Jericho"]
[Result "0-1"]
[WhiteElo "1049"]
[BlackElo "1212"]
[PlyCount "100"]
[EventDate "2020.01.25"]
[EventType "swiss (rapid)"]
[EventRounds "9"]
[EventCountry "THA"]
[SourceTitle "CBM 194 Extra"]
[Source "ChessBase"]
[SourceDate "2020.03.31"]
[SourceVersion "1"]
[SourceVersionDate "2020.03.31"]
[SourceQuality "1"]

1. e4 c5 2. Nf3 d6 3. d4 cxd4 4. Nxd4 Nf6 5. Nc3 a6 6. Be3 e6 7. f3 Be7 8. Qd2 Qc7 9. g4 h6 10. Bd3 b5 11. h4 Bb7 12. g5 hxg5 13. Bxg5 d5 14. Qe3 Nbd7 15. exd5 Nxd5 16. Nxd5 Bxd5 17. Bxe7 Kxe7 18. Qg5+ Nf6 19. Rg1 Rh5 20. Qe3 Re5 21. Be4 Nxe4 22. Qa3+ Kd7 23. fxe4 Rxe4+ 24. Ne2 Qxc2 25. Rg2 Ra4 26. Qc3 Qxc3+ 27. Nxc3 Bxg2 28. Rd1+ Ke7 29. b3 Rxh4 30. Kf2 Bb7 31. Kg3 Rah8 32. Rg1 Rh3+ 33. Kg4 Rxc3 34. Kf4 Rf3+ 35. Ke5 f6+ 36. Kd4 Rh4+ 37. Kc5 Rc3+ 38. Kb6 Kd6 39. Kxb7 Rc6 40. Rxg7 Rh2 41. Rf7 Rxa2 42. Rg7 Rac2 43. Rf7 Rc7+ 44. Rxc7 Rxc7+ 45. Kb8 f5 46. b4 f4 47. Ka8 f3 48. Kb8 f2 49. Ka8 f1Q 50. Kb8 Qf8# 0-1

[Event "Thailand Pattaya U08 op 2nd"]
[Site "Pattaya"]
[Date "2019.10.20"]
[Round "4"]
[White "Mohsen, Muhd Evan Miqael"]
[Black "Vongrungrot, Kritin"]
[Result "1/2-1/2"]
[WhiteElo "1077"]
[BlackElo "1073"]
[PlyCount "94"]
[EventDate "2019.10.19"]
[EventType "swiss"]
[EventRounds "9"]
[EventCountry "THA"]
[SourceTitle "CBM 193 Extra"]
[Source "ChessBase"]
[SourceDate "2020.01.31"]
[SourceVersion "1"]
[SourceVersionDate "2020.01.31"]
[SourceQuality "1"]

1. e4 e5 2. Bc4 Nf6 3. Nc3 Nxe4 4. Qh5 Nd6 5. Qxe5+ Qe7 6. Qxe7+ Bxe7 7. Bb3 0-0 8. Nf3 Re8 9. 0-0 c6 10. d3 h6 11. Bd2 b6 12. d4 Bb7 13. Rfe1 c5 14. d5 c4 15. Ba4 a6 16. Ne5 b5 17. Re2 bxa4 18. Nxa4 Bd8 19. Rae1 Bxd5 20. Nc5 Be6 21. Bb4 Bc7 22. Nxe6 dxe6 23. Bxd6 Bxd6 24. Nxc4 Bc7 25. g3 Nc6 26. c3 Rad8 27. Kg2 Rd7 28. f4 Red8 29. Re3 Rd3 30. R3e2 Na5 31. Ne5 Rd2 32. Nf3 Rxe2+ 33. Rxe2 Kf8 34. b4 Nc4 35. Re4 Nd2 36. Rd4 Rxd4 37. Nxd4 Ke7 38. Kf2 Kd6 39. Ke2 Nc4 40. Kd3 Nb6 41. c4 Nd7 42. a4 f5 43. b5 axb5 44. Nxb5+ Kc6 45. Nd4+ Kb6 46. Nxe6 Nc5+ 47. Nxc5 Kxc5 1/2-1/2

[Event "THA-ch"]
[Site "Bangkok"]
[Date "2019.05.01"]
[Round "2"]
[White "Vongrungrot, Kritin"]
[Black "Samatthanan, Jirath"]
[Result "0-1"]
[WhiteElo "1055"]
[BlackElo "1404"]
[PlyCount "92"]
[EventDate "2019.05.01"]
[EventType "swiss"]
[EventRounds "9"]
[EventCountry "THA"]
[SourceTitle "CBM 190 Extra"]
[Source "ChessBase"]
[SourceDate "2019.07.15"]
[SourceVersion "1"]
[SourceVersionDate "2019.07.15"]
[SourceQuality "1"]

1. e4 e6 2. d4 d5 3. Nc3 dxe4 4. Nxe4 Nd7 5. Nf3 Ngf6 6. Bd3 Be7 7. Qe2 c5 8. dxc5 Nxc5 9. Nxc5 Bxc5 10. h3 b6 11. 0-0 0-0 12. Rd1 Qc7 13. Bg5 Nd5 14. c4 h6 15. Bh4 Nf4 16. Qe4 Nxd3 17. Qxa8 Bb7 18. Qxa7 Ra8 19. Bg3 Rxa7 20. Bxc7 Bxf3 21. Rxd3 Rxc7 22. Rxf3 Bd4 23. Rc1 Bxb2 24. Rc2 Bd4 25. Rd3 e5 26. Kh1 Kf8 27. f4 f6 28. fxe5 fxe5 29. Rf3+ Ke7 30. Rf1 Ke6 31. Kh2 e4 32. Re1 Ke5 33. Rce2 e3 34. Rc2 Ke4 35. Kg3 Kd3 36. Rcc1 e2 37. Kf3 Rf7+ 38. Kg4 Bf2 39. Rh1 Kd2 40. Ra1 e1Q 41. Raxe1 Bxe1 42. h4 Bf2 43. Rb1 Kc3 44. Kh3 Bc5 45. Rc1+ Kb2 46. Re1 Kxa2 0-1